000 02430cam a22005174i 4500
003 PE-LiUPU
005 20250731173422.0
008 150706s r 000 0 d
020 _a9788482675725
035 _a(Sirsi) i9788482675725
040 _aPE-LiUPU
_bspa
_cPE-LiUPU
_erda
049 _aPRUA
082 0 4 _a232
_bP162012
_221
100 1 _aPagán, Samuel,
_eautor.
245 1 0 _aJesús de Nazaret :
_bvida, enseñanza y significado /
_cSamuel Pagán.
264 1 _aViladecavalls, Barcelona :
_bCLIE,
_c2012.
300 _a278 páginas :
_bilustraciones ;
_c23 cm.
336 _atext
_2rdacontent
337 _aunmediated
_2rdamedia
338 _avolume
_2rdacarrier
490 0 _aColección biografías bíblicas
504 _aIncluye bibliografía.
505 0 _aEl verbo se hizo carne -- La historia de las cosas ciertísimas -- Nació en belen, en días del rey Herodes -- Desde Galilea hasta Jerusalén -- Crecimiento y fortaleza, sabiduría y gracia -- El nacimiento de Jesucristo -- Mensajes y enseñanzas -- Sanidades y liberaciones -- La pasión de Jesús -- La crucifixión de Jesús -- La resurrección de Cristo -- Parábolas de Jesús -- Milagros de Jesús en los evangelios -- Mapas.
526 _aSEG42
526 _aSEG41
526 _aSEG40
526 _aSEG39
526 _aP94
526 _aP87
526 _aP86
526 _aP85
526 _aP77
526 _aP76
526 _aP35
541 _g001-0000594;
541 _g001-0000614;
650 0 4 _aCristología.
910 _agl
_bjv
_cjck
_d20121122
942 _2ddc
_cBOOK
949 _a232 P16 2012
_wDEWEY
_c1
_i65445
_lCCODEBUL1
_mBUL
_p33.00
_r0
_sY
_tBOOK
_u2015-7-6
_xTEOLOGIA
_PP35
_o.STAFF. Colección General
949 _a232 P16 2012
_wDEWEY
_c2
_i65793
_lCCODEBUL1
_mBUL
_p34.00
_r0
_sY
_tBOOK
_u2015-7-6
_xTEOLOGIA
_PP35
_o.STAFF. Colección General
994 _aC0
_bPEPRU
596 _a1
999 _a232 P16 2012
_wDEWEY
_c53949
_i65445
_f2021-11-10
_g5
_lCCODEBUL1
_mBUL
_p33.00
_r0
_sY
_tBOOK
_u2015-7-6
_xTEOLOGIA
_PP35
_0COMPRA
_o.STAFF. Colección General
_d53949
999 _a232 P16 2012
_wDEWEY
_c2
_i65793
_d2022-7-14
_e2022-7-14
_f2021-11-10
_g5
_kCHECKEDOUT
_lCCODEBUL1
_mBUL
_n1
_p34.00
_rM
_sY
_tBOOK
_u2015-7-6
_xTEOLOGIA
_PP35
_0COMPRA
_o.STAFF. Colección General
980 _81
_gALBERTO SANCHEZ Responsable de Automatización